| 000 | 01069nam a2200277Ia 4500 | ||
|---|---|---|---|
| 003 | OSt | ||
| 005 | 20221005110200.0 | ||
| 006 | a|||||r|||| 00| 0 | ||
| 007 | ta | ||
| 008 | 221004b |||||||| |||| 00| 0 hin d | ||
| 020 |
_a9788126047802 (hbk) _cINR 600.00 |
||
| 024 | _a36678 | ||
| 037 |
_bBW/1664, 14/03/2018, Bookwell _cTextual |
||
| 040 |
_aCRL _cCRL _bhin |
||
| 041 |
_2hin _ahin |
||
| 082 | _aO152,6N25x, Q6 | ||
| 100 | _aमिश्र, गिरीश्वर, संपा. | ||
| 245 | 0 | _aविद्यानिवास मिश्र रचना संचयन | |
| 246 | _aVidyānivās mishra rachanā sanchayana | ||
| 260 |
_aनई दिल्ली _bसाहित्य अकादेमी भारत _c2016 |
||
| 300 |
_a939पृ0 _ccm. |
||
| 650 | _a हिन्दी साहित्य | ||
| 650 | _aहिन्दी निबंध | ||
| 942 |
_hO152,6N25x, Q6 _cTEXL _2cc |
||
| 999 |
_c1018055 _d1018055 |
||